Pokémon groupe d'Œuf-Draconique - Statistiques

Statistiques générales
  • Ce quiz a été pris 42 fois
    26 depuis la dernière actualisation
  • Le résultat moyen est 53 sur 72
Statistiques - réponses
Deuxième
Groupe d'Œuf
Pokémon % Correct
Monstrueux Carchacrok
100%
Monstrueux Carmache
100%
Aquatique 1 Draco
100%
Aquatique 1 Dracolosse
100%
Monstrueux Griknot
100%
Aquatique 1 Hypocéan
100%
Aquatique 1 Hyporoi
100%
Aquatique 1 Hypotrempe
100%
Aquatique 1 Minidraco
100%
Aérien Altaria
89%
Bébécaille
89%
Aérien Bruyverne
89%
Minéral Cryodo
89%
Amorphe Dispareptil
89%
Draby
89%
Monstrueux Dracaufeu
89%
Végétal Dratatin
89%
Écaïd
89%
Ékaïser
89%
Amorphe Fantyrm
89%
Minéral Glaivodo
89%
Amorphe Lanssorien
89%
Mucuscule
89%
Végétal Pomdrapi
89%
Monstrueux Reptincel
89%
Monstrueux Salamèche
89%
Aérien Sonistrelle
89%
Aérien Tylton
89%
Végétal Verpom
89%
Colimucus
78%
Monstrueux Coupenotte
78%
Diamat
78%
Drackhaus
78%
Drattak
78%
Minéral Frigodo
78%
Monstrueux Incisache
78%
Aquatique 1 Kravarech
78%
Aquatique 2 Magicarpe
78%
Muplodocus
78%
Végétal Pomdorochi
78%
Végétal Pomdramour
78%
Solochi
78%
Monstrueux Tranchodon
78%
Trioxhydre
78%
Aquatique 1 Venalgue
78%
Aquatique 1 Barpau
67%
Minéral Duralugon
67%
Insectoïde Kraknoix
67%
Aquatique 2 Léviator
67%
Insectoïde Libégon
67%
Aquatique 1 Milobellus
67%
Minérai Pondralugon
67%
Monstrueux Ptyranidur
67%
Monstrueux Rexillius
67%
Insectoïde Vibraninf
67%
Monstrueux Boumata
56%
Monstrueux Draïeul
56%
Monstrueux Drakkarmin
56%
Monstrueux Galvaran
56%
Monstrueux Iguolta
56%
Monstrueux Arcko
44%
Monstrueux Jungko
44%
Monstrueux Malamandre
44%
Monstrueux Massko
44%
Terrestre Séviper
44%
Monstrueux Tritox
44%
Terrestre Abo
33%
Terrestre Arbok
33%
Terrestre Baggaïd
33%
Terrestre Baggiguane
33%
Terrestre Dunaconda
33%
Terrestre Dunaja
33%
Aucun quiz correspondant
Distribution des résultats
% des personnes avec chaque résultat
Percentile par nombre de réponses
Votre historique - résultats
Vous n’avez pas pris ce quiz depuis la dernière actualisation